Statistics for A-Z most popular animes(tv,movies)

Click here to take the quiz!

General Stats

  • This quiz has been taken 54 times
  • The average score is 8 of 25

Answer Stats

HintAnswer% Correct
OOne piece
91%
NNaruto
89%
DDemon slayer/dragon ball
85%
AAttack on titan
67%
BBleach
67%
PPokemon
46%
MMy hero academia
43%
JJujutsu kaisen
41%
TTokyo ghoul
30%
YYour name
24%
GGintama
20%
Sspy x family
20%
CCowboy Bebop
17%
HHxH
17%
EErased
15%
FFullmetal Alchemist Brotherhood
15%
IInuyasha
15%
VVinland saga
13%
LLove is war
9%
QQuintessential Quintuplets
9%
KKurokos basket
7%
RRe life
7%
ZZom 100
7%
UUzaki-chan Wants to Hang Out
4%
WWave
4%

Score Distribution

Percentile by Number Answered

Percent of People with Each Score

Your Score History

You have not taken this quiz